000 00836nmc a2200277 a 4500
003 AR-BaBNM
005 20251128205444.0
008 011101s1996 ||||||||||||||000 | spa||
020 _a950-550-159-5
040 _cAR-BaBNM
100 1 _aServat Poblete, Berta
245 1 0 _aGestión de recursos humanos en el centro escolar
260 _aBuenos Aires
_bMagisterio del Río de la Plata
_c1996
300 _a60 p.
490 0 _aMagisterio 1
_vv. 8
504 _aBibliografía: p. 59-60
650 4 _aSUPERVISION DE LOS DOCENTES
650 4 _aADMINISTRACION ESCOLAR
653 _aGESTION INSTITUCIONAL
653 _aDIRECTORES DE ESCUELA
700 1 _aMakar de la Puente, Basilio
_eprologuista
800 1 _aAnder-Egg, Ezequiel
_edirector
800 1 _aSánchez Iniesta, Tomás
_edirector
942 _cBK
998 _cSILVI
999 _c11476
_d11476